000 00593nam a2200205Ia 4500
005 20250923150254.0
008 008 250917s9999 xx 000 0 eng d
037 _aTextual
040 _aDSWL
_beng
_cDSWL
041 _aeng
_2eng
084 _aY:6:6, P6
_qDSWL
100 _aJeong, Ho - Won
_9844145
245 0 _aPeace building in post conflict socities : Strategy & process
_cby Ho Won Jeong
260 _aNew Delhi
_b Viva Books
_c2006
300 _axi,255 p.
365 _aINR
_b550 . 0
925 _g550 . 0
942 _cTEXL
_hY:6:6, P6
999 _c1461528
_d1461528